000 00962nam a22003137a 4500
003 CHAP
005 20220329135757.0
008 971013s1965 r 00010 d
010 _a41912
011 _a42884
035 _a47014
040 _cCHAP
090 _aTesis
100 0 0 _aEscamilla Luna, Sylvia.
_937444
245 _aEstudio de levaduras de frutos cítricos del Valle de México
260 _aMéxico, D. F. :
_bEl autor,
_c1965
300 _a47 h.
_b: ilus.
502 _aTesis (Biólogo) -- UNAM. Facultad de Ciencias
590 _aALEPH
_b10
_c20130110
_lUCH01
_h1311
590 _aBATCH-UPD
_b10
_c20130110
_lUCH01
_h1825
590 _aBATCH-UPD
_b10
_c20130410
_lUCH01
_h1158
590 _aBATCH-UPD
_b10
_c20130914
_lUCH01
_h0958
590 _aCONVERSION
_b10
_c20130109
_lUCH01
_h1323
650 1 4 _aCítricos
_xAnálisis.
_924395
650 1 4 _aLevaduras.
_966401
901 _aBK
942 _cTESIS
949 _bBC
_cTES
_d-107007
_eTS1
_i47014
_si
999 _c41912
_d41912